[Event "50th Sparkassen Open A"]
[Site "Dortmund GER"]
[Date "2023.06.24"]
[Round "1.1"]
[White "Bluebaum, Matthias"]
[Black "Syrov, Arkadi"]
[Result "1-0"]
[WhiteTitle "GM"]
[BlackTitle "FM"]
[WhiteElo "2672"]
[BlackElo "2298"]
[WhiteFideId "24651516"]
[BlackFideId "12942448"]
[EventDate "2023.06.24"]

1. d4 Nf6 2. c4 e6 3. Nc3 Bb4 4. e3 O-O 5. Bd2 d5 6. Nf3 b6 7. cxd5 exd5 8. Rc1
Bd6 9. Nb5 c5 10. dxc5 bxc5 11. Bc3 Be7 12. Bxf6 Bxf6 13. Rxc5 Qa5+ 14. Qd2 Qxa2
15. Nc3 Qa1+ 16. Nd1 a5 17. Be2 Be6 18. O-O Nd7 19. Rb5 Rfc8 20. Nd4 Qc1 21.
Qxc1 Rxc1 22. Nc3 Rxf1+ 23. Kxf1 Rb8 24. Nxd5 Bxd5 25. Rxd5 Rxb2 26. g3 Nb6 27.
Rxa5 g6 28. Nb5 Rb1+ 29. Kg2 Rb2 30. Bf1 Nd5 31. Kf3 Nc3 32. Nd6 Be7 33. Nc4 Rb1
34. Bd3 Rd1 35. Ne5 f6 36. Bc4+ Kg7 37. Ra7 Kf8 38. Nc6 Bc5 39. Rf7+ Ke8 40.
Rxf6 Rd2 41. Re6+ Kf8 42. Ne5 Nd1 43. Nd3 Be7 44. Ra6 Nb2 45. Nxb2 Rxb2 46. h4
Rc2 47. Bd3 Rd2 48. Be4 Kg7 49. Ra7 Kf6 50. Ra5 h6 51. h5 g5 52. Ra6+ Bd6 53.
Kg4 Ke5 54. f3 Ke6 55. Bf5+ Kf6 56. f4 gxf4 57. gxf4 Ke7 58. e4 Rf2 59. Ra7+ Kf8
60. e5 Bc5 61. Ra8+ Kg7 62. Bg6 Be3 63. f5 Rg2+ 64. Kf3 Rf2+ 65. Ke4 Rf4+ 66.
Kd5 Rd4+ 67. Ke6 Bg5 68. f6+ Bxf6 69. exf6# 1-0

[Event "50th Sparkassen Open A"]
[Site "Dortmund GER"]
[Date "2023.06.24"]
[Round "1.2"]
[White "Voicu-Jagodzinsky, Carmen"]
[Black "Donchenko, Alexander"]
[Result "0-1"]
[WhiteTitle "WGM"]
[BlackTitle "GM"]
[WhiteElo "2297"]
[BlackElo "2667"]
[WhiteFideId "1206729"]
[BlackFideId "24603295"]
[EventDate "2023.06.24"]

1. Nf3 Nf6 2. c4 g6 3. b4 Bg7 4. Bb2 O-O 5. e3 d6 6. Be2 e5 7. d3 c6 8. O-O Re8
9. Qc2 Nbd7 10. Nc3 a6 11. Rfd1 Qe7 12. Rab1 b6 13. a4 Bb7 14. a5 b5 15. Nd2 d5
16. c5 Nf8 17. Bf1 Rad8 18. Ne2 Bc8 19. Nf3 Qc7 20. h3 h5 21. Bc3 N6h7 22. Qb2
Qe7 23. Kh1 g5 24. d4 e4 25. Ne5 Qe6 26. Ng3 f6 27. Nxh5 fxe5 28. Nxg7 Kxg7 29.
dxe5 g4 30. hxg4 Qxg4 31. Be2 Qh4+ 32. Kg1 Re6 33. f4 exf3 34. Bxf3 Ng5 35. Qf2
Rg6 36. e6+ Kg8 37. Qxh4 Nxf3+ 38. Kf2 Nxh4 39. Rh1 Rxg2+ 40. Kf1 Nfg6 41. e7
Re8 42. Bf6 Rg4 0-1

[Event "50th Sparkassen Open A"]
[Site "Dortmund GER"]
[Date "2023.06.24"]
[Round "1.4"]
[White "Weber, Samuel"]
[Black "Ponomariov, Ruslan"]
[Result "0-1"]
[WhiteTitle "FM"]
[BlackTitle "GM"]
[WhiteElo "2296"]
[BlackElo "2664"]
[WhiteFideId "12924008"]
[BlackFideId "14103320"]
[EventDate "2023.06.24"]

1. c4 Nf6 2. g3 g6 3. Bg2 Bg7 4. Nc3 O-O 5. d3 c5 6. Nf3 Nc6 7. O-O e6 8. Be3
Qe7 9. h3 Rd8 10. Qc1 Qf8 11. Rd1 d5 12. cxd5 exd5 13. d4 c4 14. Ne5 Ne7 15. Bg5
Be6 16. Nb5 Ne8 17. Bd2 a6 18. Na3 b5 19. Bb4 Nd6 20. g4 f6 21. Nf3 Nc6 22. Bc5
Qf7 23. Qf4 Ne4 24. Nc2 Rac8 25. Rab1 a5 26. Na3 Rb8 27. Nh2 Nxc5 28. dxc5 Bf8
29. g5 fxg5 30. Qxg5 Bxc5 31. Ng4 Qe7 32. Qh6 Nb4 33. e4 dxe4 34. Rxd8+ Rxd8 35.
Nxb5 Bxg4 36. hxg4 Nd3 37. Nc3 Nxf2 38. Kf1 Nxg4 0-1

[Event "50th Sparkassen Open A"]
[Site "Dortmund GER"]
[Date "2023.06.24"]
[Round "1.5"]
[White "Kamsky, Gata"]
[Black "Coenen, Michael"]
[Result "1/2-1/2"]
[WhiteTitle "GM"]
[BlackTitle "FM"]
[WhiteElo "2659"]
[BlackElo "2295"]
[WhiteFideId "2000024"]
[BlackFideId "4697367"]
[EventDate "2023.06.24"]

1. e4 e5 2. Nf3 Nc6 3. Bb5 a6 4. Ba4 Nf6 5. O-O Be7 6. Re1 b5 7. Bb3 O-O 8. d3
d6 9. a3 Re8 10. h3 h6 11. Nc3 Bf8 12. Bd2 Be6 13. Bxe6 Rxe6 14. Nd5 Ne7 15. c4
c6 16. Nxf6+ Rxf6 17. Rc1 Qd7 18. b4 Ng6 19. Nh2 d5 20. Qg4 Qa7 21. Nf3 bxc4 22.
dxc4 Nf4 23. Bxf4 Rxf4 24. Qg3 Rxe4 25. Rxe4 dxe4 26. Nxe5 c5 27. Rd1 Qb8 28.
Nd7 Qxg3 29. fxg3 cxb4 30. Nxf8 Kxf8 31. axb4 Rb8 32. Rb1 Rc8 33. c5 Rb8 34. Kf2
Rb5 35. Ke3 f5 36. g4 g6 37. gxf5 gxf5 38. Rf1 Rxb4 39. Rxf5+ Kg7 40. Rd5 Rc4
41. Rd7+ Kf6 42. Rd6+ Kg5 43. c6 h5 44. g3 h4 45. g4 a5 46. Rd5+ Kg6 47. Rxa5
Rxc6 48. Ra3 Kg5 49. Kxe4 Re6+ 50. Kf3 Rf6+ 51. Kg2 Rb6 52. Kf3 Rb5 53. Rd3 Ra5
54. Ke4 Ra4+ 55. Rd4 Ra3 56. Rd5+ Kg6 57. Rd3 Ra4+ 58. Kd5 Kg5 59. Rf3 Rxg4 60.
hxg4 Kxg4 61. Ke4 h3 62. Rf8 h2 63. Rh8 Kg3 64. Ke3 Kg2 65. Rg8+ Kf1 66. Rh8 Kg2 1/2-1/2

[Event "50th Sparkassen Open A"]
[Site "Dortmund GER"]
[Date "2023.06.24"]
[Round "1.6"]
[White "Boder, Jan"]
[Black "Aryan, Chopra"]
[Result "0-1"]
[WhiteTitle "FM"]
[BlackTitle "GM"]
[WhiteElo "2294"]
[BlackElo "2626"]
[WhiteFideId "16243226"]
[BlackFideId "5084423"]
[EventDate "2023.06.24"]

1. b3 e5 2. Bb2 Nc6 3. e3 Nf6 4. Bb5 Bd6 5. Na3 Na5 6. Nc4 Nxc4 7. Bxc4 c6 8.
Nf3 Qe7 9. Nh4 g6 10. f4 exf4 11. O-O O-O 12. exf4 Ne4 13. Qg4 Bc5+ 14. d4 d5
15. f5 Bd6 16. Be2 Nd2 17. Rf2 Qe3 18. Qh3 Qxh3 19. gxh3 Ne4 20. Rg2 Be7 21. Nf3
Bxf5 22. Bd3 Bxh3 23. Re2 f5 24. Ne5 g5 25. Re3 g4 26. Bxe4 fxe4 27. Re2 Rf5 28.
Rf2 Raf8 29. Rxf5 Rxf5 30. Bc3 e3 31. Nd3 Bh4 32. Ne5 e2 0-1

[Event "50th Sparkassen Open A"]
[Site "Dortmund GER"]
[Date "2023.06.24"]
[Round "1.7"]
[White "Svane, Rasmus"]
[Black "Ronka, Erik"]
[Result "1-0"]
[WhiteTitle "GM"]
[BlackTitle "FM"]
[WhiteElo "2616"]
[BlackElo "2294"]
[WhiteFideId "4657101"]
[BlackFideId "505080"]
[EventDate "2023.06.24"]

1. Nf3 d5 2. g3 Nf6 3. Bg2 e6 4. O-O c5 5. c4 dxc4 6. Na3 Be7 7. Nxc4 Nc6 8. b3
O-O 9. Bb2 Qc7 10. Qc2 b5 11. Ng5 g6 12. Bxc6 Qxc6 13. Ne5 Qd5 14. e4 Qb7 15. d3
Ne8 16. Ngf3 f6 17. Ng4 e5 18. Ne3 Be6 19. Ne1 Nd6 20. Rb1 Qa6 21. Nf3 Rac8 22.
Bc3 Rfd8 23. Rfd1 Bf8 24. a4 bxa4 25. bxa4 Bh6 26. Nf1 Bg4 27. Kg2 Qc6 28. Bd2
Bxd2 29. N1xd2 Be6 30. Rdc1 Qd7 31. Qb2 Qxa4 32. Ra1 Qd7 33. Ra5 Nf7 34. Rc3 Qe7
35. Qa3 Rc7 36. Raxc5 Rxc5 37. Rxc5 Kg7 38. Ra5 Qxa3 39. Rxa3 Rd7 40. d4 exd4
41. Ra4 d3 42. Nd4 Nd8 43. Kf3 Bf7 44. Ke3 Be8 45. Ra6 Rc7 46. Kxd3 Kf7 47. Nb1
Nc6 48. Nxc6 Bxc6 49. Nc3 Bb7 50. Ra5 a6 51. Kd4 Rd7+ 52. Ke3 Rc7 53. Na4 Rc2
54. Nc5 Bc8 55. h4 h6 56. Nxa6 Rb2 57. Nc5 g5 58. hxg5 hxg5 59. f3 Rc2 60. g4
Rc3+ 61. Ke2 Kg6 62. Nd3 Be6 63. Kd2 Rc7 64. Nc5 Bf7 65. Ke3 Rc6 66. Kd3 Rd6+
67. Ke2 Rc6 68. Ke3 Be8 69. Nd3 Bf7 70. Ra3 Rb6 71. Kd4 Rb8 72. Ra6 Kg7 73. Rd6
Rb7 74. e5 fxe5+ 75. Nxe5 Be8 76. Ke4 Kf8 77. Kf5 Rb5 78. Kf6 Ra5 79. Rb6 Rd5
80. Rb8 1-0

[Event "50th Sparkassen Open A"]
[Site "Dortmund GER"]
[Date "2023.06.24"]
[Round "1.8"]
[White "Ongut, Tamas Gunes"]
[Black "Mendonca, Leon Luke"]
[Result "0-1"]
[WhiteTitle "FM"]
[BlackTitle "GM"]
[WhiteElo "2292"]
[BlackElo "2623"]
[WhiteFideId "770280"]
[BlackFideId "35028561"]
[EventDate "2023.06.24"]

1. d4 Nf6 2. c4 e6 3. Nc3 d5 4. cxd5 exd5 5. Bg5 c6 6. e3 Be7 7. Bd3 h6 8. Bh4
O-O 9. Nge2 Re8 10. O-O Nh5 11. Bxe7 Qxe7 12. Qc2 Bg4 13. Rae1 Nd7 14. Nc1 Be6
15. f4 Nb6 16. Nb3 Nf6 17. Nc5 Rad8 18. a4 Bc8 19. Qb3 Na8 20. a5 b6 21. axb6
axb6 22. N5a4 c5 23. Bb5 c4 24. Qc2 Bd7 25. b3 Bxb5 26. Nxb5 Rc8 27. Nac3 Nc7
28. Nxc7 Qxc7 29. Nb5 Qd7 30. bxc4 0-1

[Event "50th Sparkassen Open A"]
[Site "Dortmund GER"]
[Date "2023.06.24"]
[Round "1.9"]
[White "Svane, Frederik"]
[Black "Dixit, Nikhil"]
[Result "1-0"]
[WhiteTitle "GM"]
[BlackTitle "FM"]
[WhiteElo "2603"]
[BlackElo "2289"]
[WhiteFideId "12923044"]
[BlackFideId "5059534"]
[EventDate "2023.06.24"]

1. e4 c5 2. Nf3 Nc6 3. Bb5 e6 4. O-O Nge7 5. Re1 Ng6 6. c3 Be7 7. d4 cxd4 8.
cxd4 d5 9. e5 O-O 10. Nc3 Bd7 11. Be3 Qb6 12. Qe2 Rfc8 13. Rad1 a6 14. Bd3 Nb4
15. Bb1 Bb5 16. Qd2 Nc6 17. Bg5 Bb4 18. h4 h5 19. Rc1 Na5 20. Nxd5 Rxc1 21. Nxb6
Bxd2 22. Bxd2 Rxe1+ 23. Bxe1 Rd8 24. Bxg6 Nc6 25. Bxh5 Nxd4 26. Nxd4 Rxd4 27. g3
Bc6 28. Bc3 Rd8 29. f4 g6 30. Be2 Be4 31. Kf2 Kg7 32. Ke3 Bc6 33. a4 Bg2 34. a5
Bc6 35. Bb4 Kg8 36. Be7 Re8 37. Bf6 Kf8 38. Bd3 Kg8 39. Kd4 Kh7 40. Be2 Kg8 41.
Kc5 Be4 42. Kd6 Bc6 43. Bxa6 1-0

[Event "50th Sparkassen Open A"]
[Site "Dortmund GER"]
[Date "2023.06.24"]
[Round "1.10"]
[White "Abrahamyan, Tatev"]
[Black "Wagner, Dennis"]
[Result "1/2-1/2"]
[WhiteTitle "WGM"]
[BlackTitle "GM"]
[WhiteElo "2282"]
[BlackElo "2598"]
[WhiteFideId "13301918"]
[BlackFideId "24650684"]
[EventDate "2023.06.24"]

1. e4 c5 2. Nf3 Nc6 3. Nc3 e5 4. Bc4 Be7 5. d3 d6 6. O-O Nf6 7. Ng5 O-O 8. f4
Bg4 9. Qe1 exf4 10. Bxf4 Nd4 11. Qd2 h6 12. Nf3 Nxf3+ 13. gxf3 Bh3 14. Rf2 Kh7
15. Kh1 Nh5 16. Bg3 Bf6 17. f4 Bd4 18. Rf3 f5 19. Ne2 Bxb2 20. Rb1 Bg4 21. Rff1
Bf6 22. Rxb7 Qc8 23. Rb3 Rb8 24. Ng1 Nxg3+ 25. hxg3 Re8 26. Bd5 Qa6 27. Kg2 Rb6
28. Nf3 fxe4 29. Bxe4+ Kh8 30. Rfb1 c4 31. Rxb6 axb6 32. Bd5 Qxa2 33. Rb5 c3 34.
Qf2 Qa1 35. Rxb6 Qd1 36. Be4 d5 37. Bg6 Rd8 38. Ne5 Bxe5 39. fxe5 Qd2 40. e6 Rf8
41. Qxd2 cxd2 42. e7 Rg8 43. Rb1 d4 44. e8=Q Rxe8 45. Bxe8 d1=Q 46. Rxd1 Bxd1
47. Ba4 g5 48. Kf2 h5 49. Ke1 Bf3 50. Bd7 Kg7 51. Kd2 Kf6 52. c3 dxc3+ 53. Kxc3
h4 54. gxh4 gxh4 55. Kd4 Bg2 56. Ke3 h3 57. Bxh3 Bxh3 1/2-1/2

[Event "50th Sparkassen Open A"]
[Site "Dortmund GER"]
[Date "2023.06.24"]
[Round "1.11"]
[White "Safarli, Eltaj"]
[Black "Pourkashiyan, Atousa"]
[Result "1-0"]
[WhiteTitle "GM"]
[BlackTitle "WGM"]
[WhiteElo "2609"]
[BlackElo "2282"]
[WhiteFideId "13402129"]
[BlackFideId "12502014"]
[EventDate "2023.06.24"]

1. e4 e5 2. Nf3 Nf6 3. d4 Nxe4 4. Bd3 d5 5. dxe5 Nc5 6. Be2 Be7 7. O-O Nc6 8.
Nc3 d4 9. Nb5 Ne6 10. Bc4 a6 11. Bxe6 axb5 12. Bb3 O-O 13. Qd3 Bg4 14. Re1 Na5
15. Qxb5 Bxf3 16. gxf3 Qc8 17. e6 Nxb3 18. Qxb3 Bd6 19. Bd2 Ra6 20. Kg2 fxe6 21.
Rxe6 Rb6 22. Qd5 Rb5 23. Qxb5 Qxe6 24. Qb3 Qxb3 25. axb3 Re8 26. Rd1 Re6 27. f4
Kf7 28. Kf3 Rh6 29. Rh1 Rh4 30. Ke4 g5 31. Kxd4 Bxf4 32. Bxf4 Rxf4+ 33. Ke3 Ke6
34. Rg1 h6 35. Rg3 Rh4 36. h3 b6 37. Kf3 Ke5 38. Kg2 Rd4 39. Re3+ Kf6 40. Kf3
Rd2 41. Rc3 c5 42. b4 cxb4 43. Rc6+ Ke5 44. Ke3 Rd6 45. Rc4 Kd5 46. Rxb4 Re6+
47. Kf3 Rf6+ 48. Kg3 Ke5 49. c3 Kf5 50. f4 Rc6 51. Rb5+ Kg6 52. Kg4 gxf4 53.
Kxf4 Re6 54. h4 Kf6 55. Rf5+ Kg7 56. h5 Rc6 57. Ke4 Rc4+ 58. Kd3 Rc6 59. c4 Rd6+
60. Kc3 Rd1 61. b4 Rd6 62. c5 bxc5 63. bxc5 Rd1 64. Kc4 Rg1 65. c6 1-0

[Event "50th Sparkassen Open A"]
[Site "Dortmund GER"]
[Date "2023.06.24"]
[Round "1.12"]
[White "Garsky, Vladyslav"]
[Black "Prohaszka, Peter2"]
[Result "0-1"]
[WhiteTitle "CM"]
[BlackTitle "GM"]
[WhiteElo "2281"]
[BlackElo "2585"]
[WhiteFideId "34100270"]
[BlackFideId "726265"]
[EventDate "2023.06.24"]

1. e4 c6 2. d4 d5 3. exd5 cxd5 4. Bd3 Nc6 5. c3 Nf6 6. Nf3 Bg4 7. Bf4 Qb6 8.
Nbd2 e6 9. O-O Be7 10. h3 Bh5 11. Qb1 Bg6 12. a3 O-O 13. Bxg6 hxg6 14. Qd3 Rac8
15. Rfe1 Na5 16. Rab1 Nc4 17. Nxc4 dxc4 18. Qe2 Nd5 19. Bg3 Qd8 20. Ne5 b5 21.
Qg4 a5 22. Rbc1 Nf6 23. Qe2 Qd5 24. Bh4 Rfe8 25. Qd2 Qb7 26. Qf4 Bd8 27. Bxf6
gxf6 28. Ng4 f5 29. Ne5 g5 30. Qg3 f6 31. Nf3 Bc7 32. Ne5 Bb8 33. Qf3 Qc7 34.
Ng6 Qh7 35. d5 Qxg6 36. dxe6 Be5 37. Qd5 Qg7 38. Rcd1 Qe7 39. Qxb5 Qxe6 40. Qxa5
Qc6 41. Qa7 Rc7 42. Qa5 Ra8 43. Qd5+ Qxd5 44. Rxd5 Rb8 45. Re2 Kf7 46. g3 f4 47.
Kg2 Rcb7 48. Rdd2 Kg6 49. Kf3 Kf5 50. Kg2 Rh8 51. g4+ Ke6 52. Re4 Rbh7 0-1

[Event "50th Sparkassen Open A"]
[Site "Dortmund GER"]
[Date "2023.06.24"]
[Round "1.13"]
[White "Laurent-Paoli, Pierre"]
[Black "Karthik, Rajaa"]
[Result "1-0"]
[WhiteTitle "IM"]
[BlackTitle "FM"]
[WhiteElo "2552"]
[BlackElo "2276"]
[WhiteFideId "26017962"]
[BlackFideId "25035215"]
[EventDate "2023.06.24"]

1. d4 Nf6 2. c4 e6 3. Nf3 Bb4+ 4. Nbd2 O-O 5. a3 Bxd2+ 6. Qxd2 b6 7. e3 Bb7 8.
Be2 d5 9. b4 a5 10. b5 c5 11. dxc5 Ne4 12. Qc2 Nxc5 13. Bb2 Nbd7 14. O-O Rc8 15.
Rad1 Qe7 16. Nd4 dxc4 17. Nc6 Bxc6 18. bxc6 Nb8 19. Be5 Nd3 20. Bxd3 cxd3 21.
Qxd3 Qa7 22. c7 Na6 23. Qd7 Qb7 24. Rd4 Nc5 25. Qb5 Ne4 26. Qd7 Nc5 27. Qe7 Rce8
28. Qf6 gxf6 29. Rg4+ Kh8 30. Bxf6# 1-0

[Event "50th Sparkassen Open A"]
[Site "Dortmund GER"]
[Date "2023.06.24"]
[Round "1.14"]
[White "Bashirov, Kemal"]
[Black "Papp, Gabor1"]
[Result "0-1"]
[BlackTitle "GM"]
[WhiteElo "2197"]
[BlackElo "2558"]
[WhiteFideId "14183650"]
[BlackFideId "718602"]
[EventDate "2023.06.24"]

1. e4 e5 2. Nf3 Nc6 3. Bb5 a6 4. Ba4 Nf6 5. O-O Be7 6. Re1 b5 7. Bb3 d6 8. c3
O-O 9. h3 Bb7 10. d4 Re8 11. a4 Bf8 12. Nbd2 Na5 13. Bc2 exd4 14. cxd4 b4 15. b3
g6 16. Bb2 Bg7 17. Bd3 Nd7 18. Rc1 Rc8 19. Qc2 c5 20. d5 Bxb2 21. Qxb2 Qf6 22.
Qxf6 Nxf6 23. Nh2 Nd7 24. Ng4 Kg7 25. Ne3 Nb6 26. f3 Rc7 27. Kf2 f5 28. Nec4
Naxc4 29. Nxc4 Nxc4 30. Bxc4 fxe4 31. Rxe4 Rxe4 32. fxe4 Re7 33. Re1 a5 34. Ke3
Bc8 35. Rf1 Rf7 36. Rxf7+ Kxf7 37. Kf4 Kf6 38. h4 h6 39. Bb5 g5+ 40. hxg5+ hxg5+
41. Ke3 Ke5 42. Be2 Bd7 43. Bh5 c4 44. bxc4 Bxa4 45. Kd3 Bb3 46. Be2 a4 47. Kd2 0-1

[Event "50th Sparkassen Open A"]
[Site "Dortmund GER"]
[Date "2023.06.24"]
[Round "1.15"]
[White "Kobo, Ori"]
[Black "Schimnatkowski, Lukas"]
[Result "1-0"]
[WhiteTitle "GM"]
[WhiteElo "2556"]
[BlackElo "2257"]
[WhiteFideId "2812320"]
[BlackFideId "12936723"]
[EventDate "2023.06.24"]

1. e4 c5 2. Nf3 d6 3. d4 cxd4 4. Qxd4 Nf6 5. Nc3 a6 6. e5 Nc6 7. Qa4 dxe5 8.
Nxe5 Bd7 9. Nxd7 Qxd7 10. Bd2 e6 11. O-O-O Qc8 12. Qh4 Bb4 13. Bh6 gxh6 14. Qxf6
Bxc3 15. Qxc3 Rg8 16. g3 Qc7 17. Bd3 O-O-O 18. Bxh7 Rg5 19. Be4 Rgg8 20. Rhe1
Rxd1+ 21. Rxd1 Ne5 22. Qe3 Nc4 23. Qd4 Kb8 24. Bd3 Ne5 25. Be2 Rc8 26. c3 Nc6
27. Qe3 Nb4 28. Kb1 Nd5 29. Qd4 Qb6 30. Qxb6 Nxb6 31. Rd4 Rh8 32. Bh5 Rf8 33.
Rg4 Nd5 34. Rg7 f5 35. f4 b5 36. Bf7 Nc7 37. Rh7 Rd8 38. Rxh6 Ka7 39. Bxe6 Rd6
40. Rh7 Rxe6 41. Rxc7+ Kb6 42. Rh7 Re2 43. Rh6+ Kc5 44. Rxa6 Rxh2 45. a3 Kc4 46.
Ka2 Rg2 47. Rf6 b4 48. axb4 Kd3 49. Kb3 Rxg3 50. Rxf5 1-0

[Event "50th Sparkassen Open A"]
[Site "Dortmund GER"]
[Date "2023.06.24"]
[Round "1.16"]
[White "Pipiras, Filipa Fortuna"]
[Black "Bailet, Pierre"]
[Result "1/2-1/2"]
[WhiteTitle "WFM"]
[BlackTitle "GM"]
[WhiteElo "2269"]
[BlackElo "2513"]
[WhiteFideId "1944894"]
[BlackFideId "655830"]
[EventDate "2023.06.24"]

1. d4 Nf6 2. c4 d6 3. Nf3 g6 4. g3 Bg7 5. Bg2 O-O 6. O-O Nc6 7. Nc3 Bf5 8. d5
Na5 9. Nd4 Bd7 10. b3 c5 11. dxc6 1/2-1/2

[Event "50th Sparkassen Open A"]
[Site "Dortmund GER"]
[Date "2023.06.24"]
[Round "1.17"]
[White "Pranav, Anand"]
[Black "Rottenwohrer Suarez, Juan"]
[Result "1-0"]
[WhiteTitle "GM"]
[BlackTitle "FM"]
[WhiteElo "2510"]
[BlackElo "2265"]
[WhiteFideId "46626786"]
[BlackFideId "32068182"]
[EventDate "2023.06.24"]

1. e4 c5 2. Nf3 g6 3. d4 cxd4 4. Nxd4 Nc6 5. Nc3 Bg7 6. Be3 Nf6 7. Bc4 O-O 8.
Bb3 d5 9. exd5 Na5 10. h3 Nxb3 11. Nxb3 b5 12. Nxb5 Qxd5 13. Qxd5 Nxd5 14. Bd4
Nb4 15. Bxg7 Nxc2+ 16. Kd1 Nxa1 17. Bxf8 Nxb3 18. Bxe7 Bd7 19. Nc3 Nd4 20. Re1
Bc6 21. f3 Ne6 22. Re2 Nf4 23. Rd2 Nxg2 24. Rxg2 Bxf3+ 25. Re2 f5 26. Kd2 Bxe2
27. Nxe2 Kf7 28. Bg5 Ke6 29. Kd3 Rh8 30. b4 h6 31. Be3 a6 32. h4 Rd8+ 33. Kc4
Rc8+ 34. Kb3 g5 35. hxg5 hxg5 36. Bxg5 Ke5 37. a4 Rg8 38. Bf4+ Ke4 39. Bc7 Rg7
40. Bd6 Rd7 41. Nc3+ Ke3 42. Bc5+ Kd3 43. b5 axb5 44. a5 f4 45. a6 f3 46. a7 Rd8
47. Kb4 Rc8 48. Nd1 Ke2 49. Nf2 Re8 50. Kxb5 Rc8 51. Bb6 Re8 52. Ka6 Ra8 53. Kb7
Rxa7+ 54. Bxa7 Kd2 55. Kc6 Ke2 56. Kd5 Kf1 57. Ke4 Kg2 58. Kf4 Kh2 59. Kxf3 Kg1
60. Bb8 Kf1 61. Bh2 Ke1 62. Ne4 Kd1 63. Be5 Kc2 64. Nc5 Kd2 65. Kf2 Kd1 66. Bc3
Kc2 67. Bb4 Kd1 68. Kf1 Kc1 69. Ke2 Kc2 70. Bd2 Kb2 71. Kd3 Ka3 72. Kc3 Ka2 73.
Bc1 Ka1 74. Kb3 Kb1 75. Ba3 Ka1 76. Ne4 1-0

[Event "50th Sparkassen Open A"]
[Site "Dortmund GER"]
[Date "2023.06.24"]
[Round "1.18"]
[White "Baasansuren, Erdene"]
[Black "Raja, Harshit"]
[Result "0-1"]
[WhiteTitle "FM"]
[BlackTitle "GM"]
[WhiteElo "2264"]
[BlackElo "2510"]
[WhiteFideId "4902084"]
[BlackFideId "5089000"]
[EventDate "2023.06.24"]

1. d4 d5 2. c4 e6 3. Nf3 Nf6 4. g3 Be7 5. Bg2 O-O 6. O-O dxc4 7. Qc2 b6 8. Ne5
Qxd4 9. Bxa8 Qxe5 10. Bf3 Nd5 11. Qxc4 Ba6 12. Qe4 Qxe4 13. Bxe4 Bf6 14. Bd3
Bxd3 15. exd3 c5 16. Nd2 Nc6 17. Nc4 Rd8 18. Rd1 Ndb4 19. a4 Nxd3 20. Ra3 Ncb4
21. Kf1 Rd4 22. b3 Nc2 23. Be3 Rd5 24. a5 Nxa3 25. axb6 axb6 26. Nxa3 Nb4 27.
Rb1 Rd8 28. Nc4 Nd5 29. Bd2 Ra8 30. b4 cxb4 31. Ne3 Nxe3+ 32. Bxe3 Ra1 0-1

[Event "50th Sparkassen Open A"]
[Site "Dortmund GER"]
[Date "2023.06.24"]
[Round "1.19"]
[White "Samant, Aditya S"]
[Black "Abdulrahman Mohammad, Al Taher"]
[Result "1-0"]
[WhiteTitle "IM"]
[BlackTitle "FM"]
[WhiteElo "2503"]
[BlackElo "2258"]
[WhiteFideId "35080580"]
[BlackFideId "9310258"]
[EventDate "2023.06.24"]

1. e4 c5 2. Nf3 Nc6 3. Bb5 g6 4. O-O Bg7 5. Re1 Nf6 6. Bxc6 dxc6 7. h3 Nd7 8. e5
Nf8 9. d3 Ne6 10. a4 O-O 11. Nc3 f6 12. a5 Nd4 13. Ne4 fxe5 14. Nfd2 Qd5 15. c4
Qf7 16. Nb3 Bf5 17. Nbxc5 b6 18. Ng5 Qe8 19. Nb3 Rd8 20. axb6 axb6 21. Ra3 Nxb3
22. Rxb3 h6 23. Ne4 Qd7 24. Qe2 Qc7 25. Be3 c5 26. Ra1 Ra8 27. Rba3 Qc6 28. Nc3
Be6 29. Qc2 Rxa3 30. Rxa3 Ra8 31. Rxa8+ Qxa8 32. Qb3 Qa5 33. Kh2 Qb4 34. Qxb4
cxb4 35. Ne4 Kf7 36. Bxb6 Ke8 37. b3 1-0

[Event "50th Sparkassen Open A"]
[Site "Dortmund GER"]
[Date "2023.06.25"]
[Round "2.1"]
[White "Parvanyan, Ashot"]
[Black "Bluebaum, Matthias"]
[Result "0-1"]
[WhiteTitle "IM"]
[BlackTitle "GM"]
[WhiteElo "2425"]
[BlackElo "2672"]
[WhiteFideId "13307550"]
[BlackFideId "24651516"]
[EventDate "2023.06.24"]

1. e4 c6 2. Nc3 d5 3. Nf3 Bg4 4. h3 Bxf3 5. Qxf3 e6 6. d4 dxe4 7. Qxe4 Nf6 8.
Qh4 Qc7 9. Be2 Nbd7 10. O-O O-O-O 11. Ne4 Nxe4 12. Qxe4 Nf6 13. Qe3 Bd6 14. c3
Rhg8 15. Qf3 Qe7 16. h4 h6 17. g3 g5 18. h5 g4 19. Qd3 Nxh5 20. Kg2 f5 21. Rh1
Qf7 22. Bxh6 f4 23. gxf4 Rh8 24. Bg5 Nxf4+ 25. Bxf4 Qxf4 26. Rh7 Rdf8 27. Rf1
Rxh7 28. Qxh7 Rf7 0-1

[Event "50th Sparkassen Open A"]
[Site "Dortmund GER"]
[Date "2023.06.25"]
[Round "2.2"]
[White "Donchenko, Alexander"]
[Black "Bai, Adelard"]
[Result "1-0"]
[WhiteTitle "GM"]
[BlackTitle "FM"]
[WhiteElo "2667"]
[BlackElo "2414"]
[WhiteFideId "24603295"]
[BlackFideId "16301188"]
[EventDate "2023.06.24"]

1. d4 d5 2. c4 c6 3. Nf3 Nf6 4. Nc3 dxc4 5. a4 e6 6. e3 c5 7. Bxc4 cxd4 8. exd4
Nc6 9. Qe2 Be7 10. O-O O-O 11. Rd1 Nb4 12. Ne5 b6 13. Qf3 Rb8 14. Qg3 Nh5 15.
Nxf7 Nxg3 16. Nxd8 Rxd8 17. hxg3 Nc2 18. Bf4 Rb7 19. Rac1 Nxd4 20. Nb5 Rbd7 21.
Kh1 Bf6 22. Bc7 Re8 23. Nd6 Rf8 24. Ba2 Re7 25. Ne4 Bb7 26. Bd6 Rd7 27. Nxf6+ 1-0

[Event "50th Sparkassen Open A"]
[Site "Dortmund GER"]
[Date "2023.06.25"]
[Round "2.4"]
[White "Ponomariov, Ruslan"]
[Black "Harikrishnan, A. Ra"]
[Result "1/2-1/2"]
[WhiteTitle "GM"]
[BlackTitle "IM"]
[WhiteElo "2664"]
[BlackElo "2400"]
[WhiteFideId "14103320"]
[BlackFideId "5081483"]
[EventDate "2023.06.24"]

1. e4 e6 2. d4 d5 3. Nd2 c5 4. Ngf3 cxd4 5. Nxd4 Nc6 6. Bb5 Bd7 7. Nxc6 bxc6 8.
Bd3 Bd6 9. Qe2 e5 10. Nf3 Nf6 11. exd5 O-O 12. dxc6 Bxc6 13. Bc4 Rc8 14. c3 Bxf3
15. gxf3 e4 16. Bb3 Re8 17. Be3 Bf4 18. Rd1 Qa5 19. Rd4 Qg5 20. h4 Qh6 21. fxe4
Nxe4 22. Bxf7+ Kxf7 23. Qf3 Qg6 24. Qxf4+ Kg8 25. Kf1 Re7 26. h5 Qa6+ 27. Kg1
Rf8 28. Qh4 g5 29. Rxe4 gxh4 30. Rxe7 Qd6 31. Re4 Kf7 32. Rf4+ Ke8 33. Rxf8+
Qxf8 34. Rxh4 Qg8+ 35. Kh2 Qxa2 36. b4 Qd5 37. h6 Qe5+ 38. Kg2 Qxc3 39. Bxa7
Qc6+ 40. f3 Qg6+ 41. Rg4 Qxh6 42. Bf2 Qc6 43. Rg5 Qf6 44. Rg4 Qb2 45. Kg3 Qe5+
46. Kg2 Qb2 47. Kg3 Qe5+ 1/2-1/2